[Event "1st 4NCL Easter Congress"]
[Site "Stevenage"]
[Date "2019.04.22"]
[Round "6"]
[Board "15"]
[White "Johnson, Paul A"]
[Black "Luberto, Michael"]
[Result "0-1"]
[WhiteElo "1804"]
[BlackElo "1930"]
[PlyCount "0"]
[EventDate "2019.04.19"]
[EventRounds "7"]
[EventCountry "ENG"]

1. d4 {[%clk 01:30:55]} {[%emt 00:00:04]} Nf6 {[%clk 01:15:48]} {[%emt
00:15:11]} 2. c4 {[%clk 01:31:05]} {[%emt 00:00:21]} g6 {[%clk 01:16:16]}
{[%emt 00:00:02]} 3. Nc3 {[%clk 01:31:19]} {[%emt 00:00:15]} Bg7 {[%clk
01:16:43]} {[%emt 00:00:04]} 4. e4 {[%clk 01:31:33]} {[%emt 00:00:15]} d6
{[%clk 01:17:09]} {[%emt 00:00:04]} 5. Be2 {[%clk 01:31:46]} {[%emt 00:00:18]}
O-O {[%clk 01:17:34]} {[%emt 00:00:05]} 6. Be3 {[%clk 01:31:57]} {[%emt
00:00:19]} Nc6 {[%clk 01:17:56]} {[%emt 00:00:09]} 7. f3 {[%clk 01:31:11]}
{[%emt 00:01:16]} e5 {[%clk 01:17:31]} {[%emt 00:00:54]} 8. d5 {[%clk
01:31:13]} {[%emt 00:00:29]} Ne7 {[%clk 01:17:55]} {[%emt 00:00:05]} 9. Qd2
{[%clk 01:30:28]} {[%emt 00:01:15]} a5 {[%clk 01:18:16]} {[%emt 00:00:10]} 10.
g4 {[%clk 01:29:27]} {[%emt 00:01:30]} h5 {[%clk 01:18:41]} {[%emt 00:00:06]}
11. g5 {[%clk 01:28:50]} {[%emt 00:01:06]} Nd7 {[%clk 01:19:07]} {[%emt
00:00:03]} 12. h4 {[%clk 01:28:34]} {[%emt 00:00:47]} b6 {[%clk 01:11:25]}
{[%emt 00:08:12]} 13. Nh3 {[%clk 01:27:46]} {[%emt 00:01:17]} Nc5 {[%clk
01:11:10]} {[%emt 00:00:45]} 14. O-O-O {[%clk 01:25:31]} {[%emt 00:02:46]} Bd7
{[%clk 01:08:36]} {[%emt 00:03:04]} 15. Nf2 {[%clk 01:20:46]} {[%emt 00:05:15]}
Nc8 {[%clk 01:08:28]} {[%emt 00:00:37]} 16. Nb5 {[%clk 01:11:44]} {[%emt
00:09:33]} Na7 {[%clk 01:05:05]} {[%emt 00:03:54]} 17. Qc2 {[%clk 01:10:20]}
{[%emt 00:01:52]} Nxb5 {[%clk 01:05:13]} {[%emt 00:00:23]} 18. cxb5 {[%clk
01:10:45]} {[%emt 00:00:05]} a4 {[%clk 00:55:47]} {[%emt 00:09:56]} 19. Bd2
{[%clk 01:11:01]} {[%emt 00:00:16]} Qe8 {[%clk 00:55:38]} {[%emt 00:00:36]} 20.
Qc4 {[%clk 01:11:09]} {[%emt 00:00:23]} Kh7 {[%clk 00:55:55]} {[%emt 00:00:12]}
21. Rdg1 {[%clk 01:10:09]} {[%emt 00:01:30]} Qe7 {[%clk 00:48:10]} {[%emt
00:08:15]} 22. Rg2 {[%clk 01:07:04]} {[%emt 00:03:35]} Ra7 {[%clk 00:48:34]}
{[%emt 00:00:07]} 23. Bb4 {[%clk 01:02:49]} {[%emt 00:04:45]} Rfa8 {[%clk
00:48:20]} {[%emt 00:00:43]} 24. Kc2 {[%clk 00:58:50]} {[%emt 00:04:30]} Qe8
{[%clk 00:48:36]} {[%emt 00:00:14]} 25. Nd1 {[%clk 00:58:04]} {[%emt 00:01:16]}
Rb7 {[%clk 00:46:40]} {[%emt 00:02:26]} 26. Ne3 {[%clk 00:55:12]} {[%emt
00:03:22]} Rbb8 {[%clk 00:45:20]} {[%emt 00:01:49]} 27. Rhg1 {[%clk 00:53:56]}
{[%emt 00:01:46]} Bh3 {[%clk 00:45:25]} {[%emt 00:00:25]} 28. Rg3 {[%clk
00:53:21]} {[%emt 00:01:05]} Bd7 {[%clk 00:45:51]} {[%emt 00:00:04]} 29. Kb1
{[%clk 00:49:12]} {[%emt 00:04:39]} Bh8 {[%clk 00:39:44]} {[%emt 00:06:38]} 30.
Nc2 {[%clk 00:48:20]} {[%emt 00:01:21]} Qe7 {[%clk 00:39:53]} {[%emt 00:00:21]}
31. Bd2 {[%clk 00:47:08]} {[%emt 00:01:42]} Rg8 {[%clk 00:38:29]} {[%emt
00:01:54]} 32. Nb4 {[%clk 00:46:57]} {[%emt 00:00:42]} f6 {[%clk 00:38:57]}
{[%emt 00:00:02]} 33. gxf6 {[%clk 00:45:56]} {[%emt 00:01:30]} Bxf6 {[%clk
00:39:25]} {[%emt 00:00:02]} 34. Bg5 {[%clk 00:45:57]} {[%emt 00:00:29]} Bxg5
{[%clk 00:39:30]} {[%emt 00:00:25]} 35. Rxg5 {[%clk 00:46:18]} {[%emt
00:00:09]} Raf8 {[%clk 00:39:56]} {[%emt 00:00:05]} 36. Nd3 {[%clk 00:28:06]}
{[%emt 00:18:41]} Nxd3 {[%clk 00:40:09]} {[%emt 00:00:17]} 37. Qxd3 {[%clk
00:28:32]} {[%emt 00:00:05]} Rf4 {[%clk 00:40:37]} {[%emt 00:00:02]} 38. Qc4
{[%clk 00:28:01]} {[%emt 00:01:01]} Bc8 {[%clk 00:40:41]} {[%emt 00:00:26]} 39.
Qxa4 {[%clk 00:27:46]} {[%emt 00:00:45]} Rxh4 {[%clk 00:41:07]} {[%emt
00:00:04]} 40. Qc2 {[%clk 00:25:03]} {[%emt 00:03:12]} Rf4 {[%clk 00:40:09]}
{[%emt 00:01:28]} 41. Qd2 {[%clk 00:23:08]} {[%emt 00:02:25]} Bg4 {[%clk
00:39:51]} {[%emt 00:00:48]} 42. R5xg4 {[%clk 00:20:17]} {[%emt 00:03:21]} hxg4
{[%clk 00:40:19]} {[%emt 00:00:03]} 43. fxg4 {[%clk 00:20:32]} {[%emt
00:00:15]} Kg7 {[%clk 00:40:27]} {[%emt 00:00:21]} 44. Bd3 {[%clk 00:18:56]}
{[%emt 00:02:07]} Rh8 {[%clk 00:40:50]} {[%emt 00:00:06]} 45. g5 {[%clk
00:18:01]} {[%emt 00:01:26]} Rfh4 {[%clk 00:41:08]} {[%emt 00:00:12]} 46. Rg2
{[%clk 00:17:16]} {[%emt 00:01:15]} Rf4 {[%clk 00:41:03]} {[%emt 00:00:35]} 47.
Qe3 {[%emt 00:00:49]} Rhh4 {[%clk 00:41:19]} 48. Qg3 {[%clk 00:16:54]} {[%emt
00:00:47]} Qd7 {[%clk 00:41:28]} {[%emt 00:00:20]} 49. Rh2 {[%emt 00:01:45]}
Qg4 {[%clk 00:41:40]} 50. Qxg4 {[%clk 00:15:06]} {[%emt 00:01:20]} Rhxg4 {[%clk
00:42:08]} {[%emt 00:00:03]} 51. a4 {[%clk 00:15:00]} {[%emt 00:00:35]} Rxg5
{[%clk 00:41:43]} {[%emt 00:00:56]} 52. b4 {[%clk 00:15:15]} {[%emt 00:00:15]}
Rg3 {[%clk 00:42:09]} {[%emt 00:00:03]} 53. Kc2 {[%clk 00:15:18]} {[%emt
00:00:26]} Rgf3 {[%clk 00:42:04]} {[%emt 00:00:36]} 54. a5 {[%clk 00:14:52]}
{[%emt 00:00:57]} Rf2+ {[%clk 00:42:28]} {[%emt 00:00:05]} 55. Rxf2 {[%clk
00:15:17]} {[%emt 00:00:06]} Rxf2+ {[%clk 00:42:57]} 56. Kc3 {[%clk 00:15:10]}
{[%emt 00:00:37]} g5 {[%clk 00:43:24]} {[%emt 00:00:02]} 57. a6 {[%clk
00:15:13]} {[%emt 00:00:28]} g4 {[%clk 00:43:50]} {[%emt 00:00:03]} 58. a7
{[%clk 00:14:50]} {[%emt 00:00:54]} Ra2 {[%clk 00:44:17]} {[%emt 00:00:02]} 59.
Be2 {[%clk 00:14:35]} {[%emt 00:00:45]} g3 {[%clk 00:44:44]} {[%emt 00:00:03]}
60. Bf1 {[%clk 00:14:10]} {[%emt 00:00:55]} Kf6 {[%clk 00:45:12]} {[%emt
00:00:03]} 61. Kd3 {[%clk 00:13:58]} {[%emt 00:00:42]} Rxa7 {[%clk 00:45:35]}
{[%emt 00:00:08]} 62. Ke3 {[%clk 00:14:19]} {[%emt 00:00:08]} Kg5 {[%clk
00:46:02]} {[%emt 00:00:03]} 63. Kf3 {[%clk 00:14:14]} {[%emt 00:00:35]} Ra3+
{[%clk 00:46:29]} {[%emt 00:00:02]} 64. Ke2 {[%clk 00:13:58]} {[%emt 00:00:47]}
Kf4 {[%clk 00:46:56]} {[%emt 00:00:03]} 65. Bg2 {[%clk 00:14:19]} {[%emt
00:00:09]} Ra2+ {[%clk 00:47:19]} {[%emt 00:00:06]} 66. Kf1 {[%clk 00:14:39]}
{[%emt 00:00:11]} Ke3 {[%clk 00:47:46]} {[%emt 00:00:02]}  0-1

[Event "1st 4NCL Easter Congress"]
[Site "Stevenage"]
[Date "2019.04.22"]
[Round "6"]
[Board "16"]
[White "Verma, Shlok"]
[Black "Rahulan, Thivyaa"]
[Result "0-1"]
[WhiteElo "1696"]
[BlackElo "1889"]
[PlyCount "0"]
[EventDate "2019.04.19"]
[EventRounds "7"]
[EventCountry "ENG"]

1. d4 {[%clk 01:30:49]} {[%emt 00:00:08]} f5 {[%clk 01:30:35]} {[%emt
00:00:28]} 2. c4 {[%clk 01:31:14]} {[%emt 00:00:05]} g6 {[%clk 01:30:54]}
{[%emt 00:00:11]} 3. Nc3 {[%clk 01:31:02]} {[%emt 00:00:43]} Nf6 {[%clk
01:31:15]} {[%emt 00:00:09]} 4. Nf3 {[%clk 01:31:21]} {[%emt 00:00:10]} Bg7
{[%clk 01:31:36]} {[%emt 00:00:09]} 5. e3 {[%clk 01:30:36]} {[%emt 00:01:14]}
O-O {[%clk 01:31:19]} {[%emt 00:00:48]} 6. Bd3 {[%clk 01:28:37]} {[%emt
00:02:28]} d6 {[%clk 01:29:54]} {[%emt 00:01:56]} 7. b3 {[%clk 01:28:02]}
{[%emt 00:01:05]} Re8 {[%clk 01:27:39]} {[%emt 00:02:46]} 8. Bb2 {[%clk
01:25:58]} {[%emt 00:02:34]} e5 {[%clk 01:25:43]} {[%emt 00:02:26]} 9. Be2
{[%clk 01:22:47]} {[%emt 00:03:40]} e4 {[%clk 01:19:18]} {[%emt 00:06:56]} 10.
Nd2 {[%clk 01:22:38]} {[%emt 00:00:39]} Nc6 {[%clk 01:18:09]} {[%emt 00:01:38]}
11. a3 {[%clk 01:22:35]} {[%emt 00:00:34]} a5 {[%clk 01:17:56]} {[%emt
00:00:43]} 12. Qc2 {[%clk 01:22:22]} {[%emt 00:00:42]} Bd7 {[%clk 01:18:01]}
{[%emt 00:00:26]} 13. O-O-O {[%clk 01:17:45]} {[%emt 00:05:04]} Qe7 {[%clk
01:14:50]} {[%emt 00:03:43]} 14. h4 {[%clk 01:16:20]} {[%emt 00:01:54]} Bh6
{[%clk 01:06:38]} {[%emt 00:08:43]} 15. Ncb1 {[%clk 01:11:36]} {[%emt
00:05:14]} b6 {[%clk 00:58:48]} {[%emt 00:08:20]} 16. Rdg1 {[%clk 01:08:20]}
{[%emt 00:03:46]} f4 {[%clk 00:41:06]} {[%emt 00:18:12]} 17. Nf1 {[%clk
00:47:34]} {[%emt 00:21:16]} Bg4 {[%clk 00:25:56]} {[%emt 00:15:41]} 18. d5
{[%clk 00:42:59]} {[%emt 00:05:06]} Ne5 {[%clk 00:25:54]} {[%emt 00:00:31]} 19.
Bd4 {[%clk 00:41:55]} {[%emt 00:01:33]} Bxe2 {[%clk 00:22:52]} {[%emt
00:03:32]} 20. Qxe2 {[%clk 00:42:02]} {[%emt 00:00:22]} f3 {[%clk 00:18:51]}
{[%emt 00:04:32]} 21. Qc2 {[%clk 00:39:48]} {[%emt 00:02:44]} Nd3+ {[%clk
00:18:52]} {[%emt 00:00:29]} 22. Kd1 {[%clk 00:39:57]} {[%emt 00:00:20]} Ng4
{[%clk 00:18:49]} {[%emt 00:00:33]} 23. Qc3 {[%clk 00:39:43]} {[%emt 00:00:44]}
Ndxf2+ {[%clk 00:14:26]} {[%emt 00:04:54]} 24. Kd2 {[%clk 00:40:06]} {[%emt
00:00:07]} Nxh1 {[%clk 00:14:03]} {[%emt 00:00:54]} 25. gxf3 {[%clk 00:40:03]}
{[%emt 00:00:32]} exf3 {[%clk 00:14:07]} {[%emt 00:00:27]} 26. Rxh1 {[%clk
00:40:17]} {[%emt 00:00:14]} Nf2 {[%clk 00:14:29]}  0-1

[Event "1st 4NCL Easter Congress"]
[Site "Stevenage"]
[Date "2019.04.22"]
[Round "6"]
[Board "17"]
[White "Hutchinson, Norman A"]
[Black "Taylor, Robert K"]
[Result "1/2-1/2"]
[WhiteElo "2041"]
[BlackElo "1982"]
[PlyCount "0"]
[EventDate "2019.04.19"]
[EventRounds "7"]
[EventCountry "ENG"]

1. e4 {[%clk 01:30:55]} {[%emt 00:00:04]} e5 {[%clk 01:30:35]} {[%emt
00:00:26]} 2. Nf3 {[%clk 01:31:21]} {[%emt 00:00:04]} Nf6 {[%clk 01:30:46]}
{[%emt 00:00:19]} 3. d4 {[%clk 01:31:35]} {[%emt 00:00:15]} Nxe4 {[%clk
01:28:33]} {[%emt 00:02:44]} 4. Bd3 {[%clk 01:31:53]} {[%emt 00:00:11]} d5
{[%clk 01:28:02]} {[%emt 00:01:01]} 5. Nxe5 {[%clk 01:32:10]} {[%emt 00:00:13]}
Bd6 {[%clk 01:18:49]} {[%emt 00:09:44]} 6. c4 {[%clk 01:31:47]} {[%emt
00:00:53]} Bf5 {[%clk 01:03:58]} {[%emt 00:15:21]} 7. Qf3 {[%clk 01:15:46]}
{[%emt 00:16:30]} Bxe5 {[%clk 00:59:07]} {[%emt 00:05:21]} 8. dxe5 {[%clk
01:12:45]} {[%emt 00:03:29]} Bg6 {[%clk 00:57:41]} {[%emt 00:01:58]} 9. cxd5
{[%clk 01:08:48]} {[%emt 00:04:28]} Qxd5 {[%clk 00:56:57]} {[%emt 00:01:14]} 10.
Nd2 {[%clk 01:03:52]} {[%emt 00:05:25]} Qxe5 {[%clk 00:54:40]} {[%emt
00:02:47]} 11. Qe3 {[%clk 01:01:18]} {[%emt 00:03:04]} O-O {[%clk 00:53:37]}
{[%emt 00:01:34]} 12. Bxe4 {[%clk 00:59:48]} {[%emt 00:01:59]} Bxe4 {[%clk
00:52:18]} {[%emt 00:01:49]} 13. f3 {[%clk 00:58:35]} {[%emt 00:01:44]} Qb5
{[%clk 00:48:12]} {[%emt 00:04:36]} 14. fxe4 {[%clk 00:58:43]} {[%emt
00:00:20]} Nc6 {[%clk 00:47:14]} {[%emt 00:01:30]} 15. Qe2 {[%clk 00:55:57]}
{[%emt 00:03:14]} Qc5 {[%clk 00:44:00]} {[%emt 00:03:45]} 16. Nb3 {[%clk
00:56:01]} {[%emt 00:00:26]} Qb6 {[%clk 00:41:34]} {[%emt 00:02:56]} 17. Be3
{[%clk 00:56:09]} {[%emt 00:00:22]} Qb4+ {[%clk 00:41:49]} {[%emt 00:00:15]} 18.
Bd2 {[%clk 00:55:03]} {[%emt 00:01:35]} Qe7 {[%clk 00:41:46]} {[%emt 00:00:35]}
19. O-O {[%clk 00:54:51]} {[%emt 00:00:40]} a5 {[%clk 00:41:44]} {[%emt
00:00:33]} 20. Bc3 {[%clk 00:53:34]} {[%emt 00:01:47]} Rae8 {[%clk 00:39:48]}
{[%emt 00:02:27]} 21. Rae1 {[%clk 00:52:01]} {[%emt 00:02:01]} a4 {[%clk
00:39:29]} {[%emt 00:00:50]} 22. Nd2 {[%clk 00:50:54]} {[%emt 00:01:38]} a3
{[%clk 00:39:28]} {[%emt 00:00:31]} 23. Kh1 {[%clk 00:44:07]} {[%emt 00:07:16]}
axb2 {[%clk 00:38:37]} {[%emt 00:01:21]} 24. Bxb2 {[%clk 00:43:29]} {[%emt
00:01:07]} Qb4 {[%clk 00:37:42]} {[%emt 00:01:27]} 25. Nc4 {[%clk 00:34:36]}
{[%emt 00:09:22]} Ra8 {[%clk 00:37:46]} {[%emt 00:00:26]} 26. a3 {[%clk
00:31:28]} {[%emt 00:03:38]} Qe7 {[%clk 00:37:31]} {[%emt 00:00:45]} 27. Qg4
{[%clk 00:31:10]} {[%emt 00:00:48]} f6 {[%clk 00:37:55]} {[%emt 00:00:06]} 28.
Ne3 {[%clk 00:30:35]} {[%emt 00:01:05]} Ne5 {[%clk 00:37:32]} {[%emt 00:00:53]}
29. Qg3 {[%clk 00:30:09]} {[%emt 00:00:54]} Kh8 {[%clk 00:35:35]} {[%emt
00:02:29]} 30. Nd5 {[%clk 00:24:11]} {[%emt 00:06:28]} Qd6 {[%clk 00:34:36]}
{[%emt 00:01:29]} 31. Rd1 {[%clk 00:22:34]} {[%emt 00:02:06]} Nc4 {[%clk
00:34:33]} {[%emt 00:00:35]} 32. Qxd6 {[%clk 00:22:15]} {[%emt 00:00:48]} cxd6
{[%clk 00:34:58]} {[%emt 00:00:05]} 33. Bc1 {[%clk 00:21:30]} {[%emt 00:01:14]}
b5 {[%clk 00:32:40]} {[%emt 00:02:49]} 34. Nc3 {[%clk 00:20:03]} {[%emt
00:01:57]} Rfb8 {[%clk 00:31:53]} {[%emt 00:01:17]} 35. Rf5 {[%clk 00:17:39]}
{[%emt 00:02:53]} Nxa3 {[%clk 00:31:30]} {[%emt 00:00:54]} 36. Bxa3 {[%clk
00:17:47]} {[%emt 00:00:22]} b4 {[%clk 00:30:39]} {[%emt 00:01:21]} 37. Bb2
{[%clk 00:15:52]} {[%emt 00:02:25]} bxc3 {[%clk 00:31:03]} {[%emt 00:00:06]} 38.
Bxc3 {[%clk 00:15:54]} {[%emt 00:00:28]} Ra3 {[%clk 00:30:19]} {[%emt
00:01:14]} 39. Be1 {[%emt 00:01:52]} Re3 {[%clk 00:29:53]} 40. Rfd5 {[%clk
00:15:13]} {[%emt 00:00:44]} Rxe4 {[%clk 00:29:43]} {[%emt 00:00:41]} 41. Rxd6
{[%clk 00:15:34]} {[%emt 00:00:08]} Rbe8 {[%clk 00:30:00]} {[%emt 00:00:13]} 42.
Bg3 {[%clk 00:15:42]} {[%emt 00:00:22]} h6 {[%clk 00:29:40]} {[%emt 00:00:51]}
43. Rd8 {[%clk 00:16:05]} {[%emt 00:00:06]} Kh7 {[%clk 00:30:03]} {[%emt
00:00:07]} 44. Rxe8 {[%clk 00:16:18]} {[%emt 00:00:17]} Rxe8 {[%clk 00:30:29]}
{[%emt 00:00:05]} 45. Rd2 {[%clk 00:15:06]} {[%emt 00:01:41]} Re3 {[%clk
00:30:39]} {[%emt 00:00:20]} 46. Kg1 {[%clk 00:15:25]} {[%emt 00:00:11]} Re7
{[%clk 00:30:34]} {[%emt 00:00:35]} 47. Kf2 {[%clk 00:15:44]} {[%emt 00:00:11]}
Kg6 {[%clk 00:30:48]} {[%emt 00:00:16]} 48. Kf3 {[%clk 00:15:47]} {[%emt
00:00:27]} Ra7 {[%clk 00:31:09]} {[%emt 00:00:09]} 49. Bf2 {[%clk 00:15:41]}
{[%emt 00:00:35]} Rc7 {[%clk 00:31:15]} {[%emt 00:00:24]} 50. Be3 {[%clk
00:15:21]} {[%emt 00:00:50]} Rb7 {[%clk 00:31:06]} {[%emt 00:00:40]} 51. Rd5
{[%clk 00:14:19]} {[%emt 00:01:31]} Re7 {[%clk 00:30:48]} {[%emt 00:00:49]} 52.
Ra5 {[%clk 00:14:08]} {[%emt 00:00:42]} Rb7 {[%clk 00:30:58]} {[%emt 00:00:19]}
53. g4 {[%clk 00:13:38]} {[%emt 00:01:00]} Rc7 {[%clk 00:30:29]} {[%emt
00:00:58]} 54. Ra7 {[%clk 00:13:03]} {[%emt 00:01:06]} Rc4 {[%clk 00:27:09]}
{[%emt 00:03:51]} 55. Rd7 {[%clk 00:12:38]} {[%emt 00:00:54]} Ra4 {[%clk
00:26:32]} {[%emt 00:01:05]} 56. Bc5 {[%clk 00:12:23]} {[%emt 00:00:46]} Ra8
{[%clk 00:26:02]} {[%emt 00:01:01]} 57. Kg3 {[%emt 00:01:03]} Rc8 {[%clk
00:26:15]} 58. Bd4 {[%clk 00:11:58]} {[%emt 00:00:38]} Ra8 {[%clk 00:25:21]}
{[%emt 00:03:49]} 59. Kf4 {[%clk 00:11:39]} Rh8 {[%clk 00:24:58]} 60. h4 {[%clk
00:11:29]} h5 {[%clk 00:25:01]} {[%emt 00:00:26]} 61. g5 {[%clk 00:11:51]}
{[%emt 00:00:05]} fxg5+ {[%clk 00:25:15]} {[%emt 00:00:18]} 62. hxg5 {[%clk
00:12:01]} {[%emt 00:00:18]} Rf8+ {[%clk 00:25:33]} {[%emt 00:00:14]} 63. Kg3
{[%clk 00:12:05]} {[%emt 00:00:25]} Kxg5 {[%clk 00:25:36]} {[%emt 00:00:28]} 64.
Bxg7 {[%clk 00:11:36]} {[%emt 00:00:59]} Rf5 {[%clk 00:25:11]} {[%emt
00:00:56]} 65. Bd4 {[%clk 00:11:44]} {[%emt 00:00:22]} Rb5 {[%clk 00:23:07]}
{[%emt 00:02:33]} 66. Be3+ {[%clk 00:11:28]} {[%emt 00:00:45]} Kg6 {[%clk
00:22:55]} {[%emt 00:00:44]} 67. Rd6+ {[%clk 00:11:42]} {[%emt 00:00:15]} Kf5
{[%clk 00:22:48]} {[%emt 00:00:37]} 68. Kh4 {[%clk 00:10:52]} {[%emt 00:01:21]}
Rb1 {[%emt 00:02:00]} 69. Rd5+ {[%emt 00:00:10]} Ke5 {[%emt 00:01:45]}  1/2-1/2

[Event "1st 4NCL Easter Congress"]
[Site "Stevenage"]
[Date "2019.04.22"]
[Round "6"]
[Board "18"]
[White "Varley, Joe"]
[Black "Ross, Stuart"]
[Result "1-0"]
[WhiteElo "1787"]
[BlackElo "1620"]
[PlyCount "0"]
[EventDate "2019.04.19"]
[EventRounds "7"]
[EventCountry "ENG"]

1. e4 {[%clk 01:30:57]} {[%emt 00:00:03]} c5 {[%clk 01:30:56]} {[%emt
00:00:04]} 2. Nf3 {[%clk 01:31:16]} {[%emt 00:00:10]} d6 {[%clk 01:31:20]}
{[%emt 00:00:06]} 3. d4 {[%clk 01:31:39]} {[%emt 00:00:08]} cxd4 {[%clk
01:31:34]} {[%emt 00:00:16]} 4. Nxd4 {[%clk 01:32:02]} {[%emt 00:00:06]} Nf6
{[%clk 01:31:47]} {[%emt 00:00:17]} 5. Nc3 {[%clk 01:32:20]} {[%emt 00:00:14]}
a6 {[%clk 01:32:01]} {[%emt 00:00:15]} 6. Be3 {[%clk 01:32:39]} {[%emt
00:00:10]} e5 {[%clk 01:32:04]} {[%emt 00:00:28]} 7. Nb3 {[%clk 01:33:01]}
{[%emt 00:00:09]} Be6 {[%clk 01:32:15]} {[%emt 00:00:18]} 8. f3 {[%clk
01:32:54]} {[%emt 00:00:38]} Nbd7 {[%clk 01:32:11]} {[%emt 00:00:33]} 9. Qd2
{[%clk 01:31:47]} {[%emt 00:01:37]} Be7 {[%clk 01:30:36]} {[%emt 00:02:04]} 10.
g4 {[%clk 01:29:33]} {[%emt 00:02:45]} b5 {[%clk 01:27:05]} {[%emt 00:04:01]}
11. O-O-O {[%clk 01:29:12]} {[%emt 00:00:51]} O-O {[%clk 01:20:47]} {[%emt
00:06:47]} 12. h4 {[%clk 01:29:37]} {[%emt 00:00:06]} b4 {[%clk 01:19:55]}
{[%emt 00:01:21]} 13. Ne2 {[%clk 01:27:35]} {[%emt 00:02:32]} a5 {[%clk
01:18:00]} {[%emt 00:02:25]} 14. Kb1 {[%clk 01:26:05]} {[%emt 00:02:01]} a4
{[%clk 01:10:30]} {[%emt 00:07:59]} 15. Nbc1 {[%clk 01:26:28]} {[%emt
00:00:08]} d5 {[%clk 00:59:14]} {[%emt 00:11:46]} 16. g5 {[%clk 01:17:32]}
{[%emt 00:09:27]} d4 {[%clk 00:55:05]} {[%emt 00:04:38]} 17. Bxd4 {[%clk
01:16:28]} {[%emt 00:01:34]} Nxe4 {[%clk 00:53:36]} {[%emt 00:01:58]} 18. fxe4
{[%clk 01:14:02]} {[%emt 00:02:57]} exd4 {[%clk 00:53:01]} {[%emt 00:01:05]} 19.
Nxd4 {[%clk 01:14:03]} {[%emt 00:00:29]} Bg4 {[%clk 00:51:21]} {[%emt
00:02:09]} 20. Nc6 {[%clk 01:10:59]} {[%emt 00:03:35]} Qe8 {[%clk 00:51:24]}
{[%emt 00:00:27]} 21. Be2 {[%clk 01:09:42]} {[%emt 00:01:48]} Bxe2 {[%clk
00:50:27]} {[%emt 00:01:26]} 22. Nxe2 {[%clk 01:09:41]} {[%emt 00:00:31]} Nc5
{[%clk 00:41:47]} {[%emt 00:09:09]} 23. Ned4 {[%clk 01:02:44]} {[%emt
00:07:29]} Nxe4 {[%clk 00:38:20]} {[%emt 00:03:56]} 24. Qe3 {[%clk 00:58:54]}
{[%emt 00:04:19]} Bc5 {[%clk 00:33:57]} {[%emt 00:04:53]} 25. Rhe1 {[%clk
00:53:25]} {[%emt 00:05:58]} Nd6 {[%clk 00:27:34]} {[%emt 00:06:54]} 26. Qh3
{[%clk 00:49:21]} {[%emt 00:04:35]} Ne4 {[%clk 00:24:49]} {[%emt 00:03:13]} 27.
Qf5 {[%clk 00:48:22]} {[%emt 00:01:30]} Bxd4 {[%clk 00:23:46]} {[%emt
00:01:34]} 28. Nxd4 {[%clk 00:47:49]} {[%emt 00:01:03]} Nd2+ {[%clk 00:16:42]}
{[%emt 00:07:35]} 29. Ka1 {[%clk 00:45:55]} {[%emt 00:02:24]} Qb8 {[%clk
00:11:53]} {[%emt 00:05:18]} 30. Rxd2 {[%clk 00:44:57]} {[%emt 00:01:28]} Qg3
{[%clk 00:11:50]} {[%emt 00:00:33]} 31. Qf2 {[%clk 00:44:59]} {[%emt 00:00:28]}
Qc7 {[%clk 00:11:23]} {[%emt 00:00:56]} 32. Rde2 {[%clk 00:44:44]} {[%emt
00:00:44]} a3 {[%clk 00:11:01]} {[%emt 00:00:53]} 33. Rb1 {[%clk 00:28:36]}
{[%emt 00:16:39]} axb2+ {[%clk 00:08:44]} {[%emt 00:02:47]} 34. Rxb2 {[%clk
00:28:55]} {[%emt 00:00:10]} Qc3 {[%clk 00:07:00]} {[%emt 00:02:14]} 35. Qe3
{[%clk 00:28:02]} {[%emt 00:01:24]} Rxa2+ {[%clk 00:04:36]} {[%emt 00:02:55]}
36. Kxa2 {[%clk 00:28:21]} {[%emt 00:00:11]}  1-0